<?xml version="1.0" encoding="UTF-8"?>
<record
    xmlns:xsi="http://www.w3.org/2001/XMLSchema-instance"
    xsi:schemaLocation="http://www.loc.gov/MARC21/slim http://www.loc.gov/standards/marcxml/schema/MARC21slim.xsd"
    xmlns="http://www.loc.gov/MARC21/slim">

  <leader>02335nam a2200229Ia 4500</leader>
  <controlfield tag="003">OSt</controlfield>
  <controlfield tag="005">20251113142814.0</controlfield>
  <controlfield tag="008">210210b2017   xxu||||| |||| 00| 0 eng d</controlfield>
  <datafield tag="040" ind1=" " ind2=" ">
    <subfield code="c">AL</subfield>
  </datafield>
  <datafield tag="041" ind1=" " ind2=" ">
    <subfield code="a">Kannada</subfield>
  </datafield>
  <datafield tag="082" ind1=" " ind2=" ">
    <subfield code="a">915.4873K RAGT</subfield>
  </datafield>
  <datafield tag="100" ind1=" " ind2=" ">
    <subfield code="a">RAGHUPATI KEMTURU</subfield>
    <subfield code="d">&#xCB0;&#xC98;&#xCC1;&#xCAA;&#xCA4;&#xCBF; &#xC95;&#xCC6;&#xCAE;&#xCCD;&#xCA4;&#xCC2;&#xCB0;&#xCC1;</subfield>
    <subfield code="9">245444</subfield>
  </datafield>
  <datafield tag="245" ind1=" " ind2=" ">
    <subfield code="a">Tulunadina sthalanamadhyayana</subfield>
    <subfield code="b">&#xCA4;&#xCC1;&#xCB3;&#xCC1;&#xCA8;&#xCBE;&#xCA1;&#xCBF;&#xCA8; &#xCB8;&#xCCD;&#xCA5;&#xCB3;&#xCA8;&#xCBE;&#xCAE;&#xCBE;&#xCA7;&#xCCD;&#xCAF;&#xCAF;&#xCA8;</subfield>
  </datafield>
  <datafield tag="260" ind1=" " ind2=" ">
    <subfield code="a">Udupi</subfield>
    <subfield code="b">-</subfield>
    <subfield code="c">2017</subfield>
  </datafield>
  <datafield tag="300" ind1=" " ind2=" ">
    <subfield code="a">xvi,360</subfield>
  </datafield>
  <datafield tag="520" ind1=" " ind2=" ">
    <subfield code="a">&#xCA4;&#xCC1;&#xCB3;&#xCC1;&#xCA8;&#xCBE;&#xCA1;&#xCBF;&#xCA8; &#xCB8;&#xCCD;&#xCA5;&#xCB3;&#xCA8;&#xCBE;&#xCAE;&#xCBE;&#xCA7;&#xCCD;&#xCAF;&#xCAF;&#xCA8;" &#xC97;&#xCCD;&#xCB0;&#xC82;&#xCA5;&#xCA6;&#xCB2;&#xCCD;&#xCB2;&#xCBF; &#xC95;&#xCCA;&#xCA8;&#xCC6;&#xCAF; &#xC89;&#xCAA;&#xCB8;&#xC82;&#xCB9;&#xCBE;&#xCB0;&#xCA6; &#xCB8;&#xCB9;&#xCBF;&#xCA4; &#xC92;&#xC9F;&#xCCD;&#xC9F;&#xCC1; 17 &#xC85;&#xCA7;&#xCCD;&#xCAF;&#xCBE;&#xCAF;&#xC97;&#xCB3;&#xCBF;&#xCB5;&#xCC6;. &#xC85;&#xCA7;&#xCCD;&#xCAF;&#xCAF;&#xCA8;&#xCA6; &#xCB5;&#xCCD;&#xCAF;&#xCBE;&#xCAA;&#xCCD;&#xCA4;&#xCBF;: &#xC89;&#xCA6;&#xCCD;&#xCA7;&#xCC7;&#xCB6;, &#xCB8;&#xCAE;&#xCB8;&#xCCD;&#xCAF;&#xCC6;, &#xCAE;&#xCC2;&#xCB2;&#xCBE;&#xCA7;&#xCBE;&#xCB0;&#xC97;&#xCB3;&#xCC1;, &#xCA4;&#xCC1;&#xCB3;&#xCC1;&#xCA8;&#xCBE;&#xCA1;&#xCC1;: &#xCA6;&#xCB0;&#xCCD;&#xCB6;&#xCA8;, &#xCB8;&#xCCD;&#xCA5;&#xCB3;&#xCA8;&#xCBE;&#xCAE;&#xCBE;&#xCA7;&#xCCD;&#xCAF;&#xCAF;&#xCA8; : &#xCAE;&#xCB9;&#xCA4;&#xCCD;&#xCB5;, &#xCB8;&#xCCD;&#xCA5;&#xCB3;&#xCA8;&#xCBE;&#xCAE; &#xCB8;&#xCCD;&#xCB5;&#xCB0;&#xCC2;&#xCAA;, &#xC9C;&#xCB2; &#xCB5;&#xCBE;&#xC9A;&#xC95;&#xC97;&#xCB3;&#xCC1;, &#xC9C;&#xCB2; &#xCB8;&#xC82;&#xCAC;&#xC82;&#xCA7; &#xCB5;&#xCBE;&#xC9A;&#xC95;&#xC97;&#xCB3;&#xCC1;, &#xC89;&#xCA8;&#xCCD;&#xCA8;&#xCA4; &#xCAD;&#xCC2; &#xCB5;&#xCBE;&#xC9A;&#xC95;&#xC97;&#xCB3;&#xCC1;, &#xCA8;&#xCBF;&#xCAE;&#xCCD;&#xCA8; &#xCAD;&#xCC2; &#xCB5;&#xCBE;&#xC9A;&#xC95;&#xC97;&#xCB3;&#xCC1;, &#xCB6;&#xCBF;&#xCB2;&#xCBE; &#xCB5;&#xCBE;&#xC9A;&#xC95;&#xC97;&#xCB3;&#xCC1;, &#xC95;&#xCA6;&#xCB7;&#xCC7;&#xCA4;&#xCCD;&#xCB0;&#xCA8;&#xCBE;&#xCAE;&#xC97;&#xCB3;&#xCC1;, &#xCAE;&#xCBE;&#xCB0;&#xCCD;&#xC97; &#xCB5;&#xCBE;&#xC9A;&#xC95;&#xC97;&#xCB3;&#xCC1;, &#xCB8;&#xCB8;&#xCCD;&#xCAF; &#xCB9;&#xCBE;&#xC97;&#xCC2; &#xCAA;&#xCCD;&#xCB0;&#xCBE;&#xCA3;&#xCBF; &#xCB5;&#xCBE;&#xC9A;&#xC95;&#xC97;&#xCB3;&#xCC1;, &#xCB8;&#xCCD;&#xCA5;&#xCB3;&#xCA8;&#xCBE;&#xCAE;&#xC97;&#xCB3; &#xCB8;&#xCBE;&#xC82;&#xCB8;&#xCCD;&#xC95;&#xCC3;&#xCA4;&#xCBF;&#xC95; &#xCB9;&#xCBF;&#xCA8;&#xCCD;&#xCA8;&#xCC6;&#xCB2;&#xCC6;: &#xCB5;&#xCBE;&#xCB8;&#xCCD;&#xCA4;&#xCB5;&#xCCD;&#xCAF; &#xCB8;&#xCC2;&#xC9A;&#xC95;&#xC97;&#xCB3;&#xCC1;, &#xCB8;&#xCCD;&#xCA5;&#xCB3;&#xCA8;&#xCBE;&#xCAE;&#xC97;&#xCB3;&#xCB2;&#xCCD;&#xCB2;&#xCBF; &#xCB5;&#xCCD;&#xCAF;&#xC95;&#xCCD;&#xCA4;&#xCB5;&#xCBE;&#xC97;&#xCC1;&#xCB5; &#xCA4;&#xCC1;&#xCB3;&#xCC1; &#xC9C;&#xCA8;&#xCAA;&#xCA6; &#xCB8;&#xC82;&#xCB8;&#xCCD;&#xC95;&#xCC3;&#xCA4;&#xCBF;, &#xCB8;&#xCCD;&#xCA5;&#xCB3;&#xCA8;&#xCBE;&#xCAE; &#xCAA;&#xCCD;&#xCB0;&#xCA4;&#xCBF;&#xCB0;&#xCC2;&#xCAA;, &#xCB8;&#xCCD;&#xCA5;&#xCB3;&#xCA8;&#xCBE;&#xCAE;&#xC97;&#xCB3; &#xCAD;&#xCBE;&#xCB7;&#xCBE; &#xCB5;&#xCC8;&#xC9C;&#xCCD;&#xC9E;&#xCBE;&#xCA8;&#xCBF;&#xC95; &#xCB9;&#xCBF;&#xCA8;&#xCCD;&#xCA8;&#xCC6;&#xCB2;&#xCC6;: &#xCA7;&#xCCD;&#xCB5;&#xCA8;&#xCBF; &#xCB5;&#xCC8;&#xC9C;&#xCCD;&#xC9E;&#xCBE;&#xCA8;&#xCBF;&#xC95; &#xCB9;&#xCBE;&#xC97;&#xCC2; &#xCB0;&#xCC2;&#xCAA; &#xCB5;&#xCC8;&#xC9C;&#xCCD;&#xC9E;&#xCBE;&#xCA8;&#xCBF;&#xC95; &#xCAA;&#xCB0;&#xCBF;&#xCB6;&#xCC0;&#xCB2;&#xCA8;&#xCC6;&#xC97;&#xCB3;&#xCC1;, &#xCB5;&#xCBE;&#xC95;&#xCCD;&#xCAF; &#xCB5;&#xCC8;&#xC9C;&#xCCD;&#xC9E;&#xCBE;&#xCA8;&#xCBF;&#xC95; &#xCAE;&#xCA4;&#xCCD;&#xCA4;&#xCC1; &#xC85;&#xCB0;&#xCCD;&#xCA5; &#xCB5;&#xCC8;&#xC9C;&#xCCD;&#xC9E;&#xCBE;&#xCA8;&#xCBF;&#xC95; &#xCAA;&#xCB0;&#xCBF;&#xCB6;&#xCC0;&#xCB2;&#xCA8;&#xCC6;&#xC97;&#xCB3;&#xCC1; &#xC8E;&#xC82;&#xCAC; &#xC85;&#xCA7;&#xCCD;&#xCAF;&#xCBE;&#xCAF;&#xC97;&#xCB3; &#xCAE;&#xCC2;&#xCB2;&#xC95; &#xCB8;&#xCCD;&#xCA5;&#xCB3;&#xCA8;&#xCBE;&#xCAE;&#xC97;&#xCB3; &#xCB8;&#xCAE;&#xC97;&#xCCD;&#xCB0; &#xC9A;&#xCBF;&#xCA4;&#xCCD;&#xCB0;&#xCA3;&#xCB5;&#xCA8;&#xCCD;&#xCA8;&#xCC1; &#xCB8;&#xC82;&#xCB6;&#xCCB;&#xCA7;&#xC95;&#xCB0;&#xCC1; &#xCA8;&#xCC0;&#xCA1;&#xCBF;&#xCA6;&#xCCD;&#xCA6;&#xCBE;&#xCB0;&#xCC6;</subfield>
  </datafield>
  <datafield tag="650" ind1=" " ind2=" ">
    <subfield code="a">Tulunadina</subfield>
    <subfield code="9">245445</subfield>
  </datafield>
  <datafield tag="650" ind1=" " ind2=" ">
    <subfield code="a">sthalanamadhyayana</subfield>
    <subfield code="9">245446</subfield>
  </datafield>
  <datafield tag="690" ind1=" " ind2=" ">
    <subfield code="a">Place Names</subfield>
    <subfield code="9">245447</subfield>
  </datafield>
  <datafield tag="906" ind1=" " ind2=" ">
    <subfield code="a">072387</subfield>
  </datafield>
  <datafield tag="942" ind1=" " ind2=" ">
    <subfield code="2">ddc</subfield>
    <subfield code="c">BK</subfield>
  </datafield>
  <datafield tag="999" ind1=" " ind2=" ">
    <subfield code="c">122372</subfield>
    <subfield code="d">122372</subfield>
  </datafield>
  <datafield tag="952" ind1=" " ind2=" ">
    <subfield code="0">0</subfield>
    <subfield code="1">0</subfield>
    <subfield code="2">ddc</subfield>
    <subfield code="4">0</subfield>
    <subfield code="7">0</subfield>
    <subfield code="8">HIS</subfield>
    <subfield code="a">AL</subfield>
    <subfield code="b">AL</subfield>
    <subfield code="c">Geography</subfield>
    <subfield code="d">2021-02-17</subfield>
    <subfield code="e">Navakarnataka Publication Pvt Ltd Mangalore</subfield>
    <subfield code="g">400.00</subfield>
    <subfield code="l">0</subfield>
    <subfield code="o">915.4873K RAGT</subfield>
    <subfield code="p">072387</subfield>
    <subfield code="r">2021-02-17 00:00:00</subfield>
    <subfield code="w">2021-02-17</subfield>
    <subfield code="y">BK</subfield>
  </datafield>
</record>
